The last kids on earth and the midnight blade / (Record no. 49806)
| 000 -LEADER | |
|---|---|
| fixed length control field | 00498nam a2200145 4500 |
| 020 ## - INTERNATIONAL STANDARD BOOK NUMBER | |
| International Standard Book Number | 9780425292112 |
| 100 ## - MAIN ENTRY--PERSONAL NAME | |
| Personal name | Brallier, Max. |
| 9 (RLIN) | 84216 |
| 245 ## - TITLE STATEMENT | |
| Title | The last kids on earth and the midnight blade / |
| Statement of responsibility, etc | Max Brallier. |
| 260 ## - PUBLICATION, DISTRIBUTION, ETC. (IMPRINT) | |
| Place of publication, distribution, etc | New York: |
| Name of publisher, distributor, etc | Vikings; |
| Date of publication, distribution, etc | 2019. |
| 300 ## - PHYSICAL DESCRIPTION | |
| Extent | 288 p. |
| Other physical details | black and white illustrations. |
| Dimensions | 21 cm. |
| 490 ## - SERIES STATEMENT | |
| Series statement | the last kids on earth; Bk.5 |
| 650 ## - SUBJECT ADDED ENTRY--TOPICAL TERM | |
| Topical term or geographic name as entry element | Monster-zombie apocalypse. |
| Form subdivision | Fiction. |
| 9 (RLIN) | 86940 |
| 700 ## - ADDED ENTRY--PERSONAL NAME | |
| Relator code | illustrator. |
| Personal name | Douglas Holgate. |
| 9 (RLIN) | 86190 |
| 942 ## - ADDED ENTRY ELEMENTS (KOHA) | |
| Source of classification or shelving scheme | |
| Koha item type | J FIC BOOKS |
| Withdrawn status | Lost status | Source of classification or shelving scheme | Damaged status | Not for loan | Collection code | Home library | Current library | Shelving location | Date acquired | Total Checkouts | Full call number | Barcode | Date last seen | Date checked out | Price effective from | Koha item type |
|---|---|---|---|---|---|---|---|---|---|---|---|---|---|---|---|---|
| SECONDARY | Asian Hope Secondary Library | Asian Hope Secondary Library | Junior Fiction | 11/20/2025 | 1 | J FIC BRA BK.5 | 208769 | 01/27/2026 | 01/20/2026 | 11/20/2025 | J FIC BOOKS |